00506nam a2200145 a 4500008004100000050002300041110004500064245008500109250001700194260001700211300002900228650003100257650002800288650004400316150806s2015 ||||||||||||||||| || u aZAM HC 517.R42 Zam aThe Government of the Republic of Zambia10aZambia review. (15th edition)cby The Government of the Republic of Zambia (GRZ) a15th edition aLusakac2015 a136 pages : illustration aECONOMIC ACTIVITIES-ZAMBIA aECONOMIC SECTORS-ZAMBIA aECONOMIC AND SOCIAL DEVELOPMENT--ZAMBIA